[Event "Liga Vasca de Ajedrez 2008 D.H."]
[Site "Euskadi ESP"]
[Date "2008.02.09"]
[Round "5.3"]
[White "Garitaonaindia Aretillo, Iker"]
[Black "Limeres Guiance, Cristobal"]
[Result "0-1"]
[WhiteElo "1919"]
[BlackElo "2292"]
[PlyCount "50"]
[EventDate "2008.01.12"]
[EventType "team"]
[EventRounds "9"]
[EventCountry "ESP"]
[Source "lmi"]
[SourceDate "2008.01.12"]

1. e4 d5 2. exd5 Qxd5 3. d4 Nf6 4. c4 Qd8 5. Nc3 Bg4 6. Be2 Bxe2 7. Ngxe2 g6 8.
Bf4 c6 9. d5 Bg7 10. d6 Nh5 11. dxe7 Qxd1+ 12. Rxd1 Nxf4 13. Nxf4 Bxc3+ 14.
bxc3 Na6 15. O-O Kxe7 16. Rfe1+ Kf6 17. Rd6+ Kg7 18. Re7 Rhe8 19. Rxe8 Rxe8 20.
f3 Re1+ 21. Kf2 Rc1 22. Ke3 Rxc3+ 23. Kd4 Rc2 24. Rd7 Rd2+ 25. Nd3 Rxd3+ 0-1